Least Redneck US States - Statistics

General Stats
  • This quiz has been taken 93 times
  • The average score is 9 of 10
Answers on the Map
Answers color-coded by a green-red scale on the quiz's map according to % correct below.
 
Answer Stats
CLA Rank State % Correct
5 New York
97%
4 California
95%
1 Massachusetts
95%
8 New Jersey
95%
3 Rhode Island
93%
6 Vermont
93%
2 Hawaii
91%
9 Connecticut
89%
7 Maryland
89%
10 Oregon
84%
No matching quizzes found
Score Distribution
Percent of People with Each Score
Percentile by Number Answered
Your Score History
You have not taken this quiz